00952nam a22002297a 45000010005000000030006000050050017000110080041000280200018000690400029000870500008001160820010001241000022001342450034001562600046001903000045002365050007002815200362002885210027006505210018006776500027006959005FISKH20251113144450.0251113b cb ||||| |||| 00| 0 eng d a9781842392324 aFISKHbengcFISKHdFISKH aPZ7 a398.2 aAnonymouseAuthor aThe three billy goats gruff / aLondon :bAlligator Books limited ,c2004 a20 pages :bcolor illustrations ;c24 cm aG  aThe Three Billy Goats Gruff is a classic folktale about three goats who must outsmart a hungry troll guarding a bridge to their pasture. Each goat, from smallest to biggest, bravely crosses, with the biggest one finally teaching the troll a lesson. This retelling keeps the familiar rhythm and charm, perfect for young readers discovering traditional tales.8 a350 bLexile estimate 8 aG bRaz-Plus  aChildren's bookvGoats